| 000 | 00984nam a2200289Ia 4500 | ||
|---|---|---|---|
| 005 | 20220316235430.0 | ||
| 008 | 121119s1994 ck a gr 000 0 spa | ||
| 020 | _a9586155102 | ||
| 041 | 1 | _aspa | |
| 082 | 0 | 4 |
_a770.0724 _bS25F |
| 100 | 1 | _aSenior, Kathryn | |
| 245 | 1 | 0 |
_aLos Rayos X _bel increíble mundo interior de nuestro cuerpo _cKathryn Senior ; ilustraciones, Jon Barnes ; traducción, Francisco Ruiz |
| 250 | _aPrimera edición | ||
| 300 |
_a[48 páginas] _bilustraciones |
||
| 650 | 1 | 4 |
_aCuerpo humano _2LEMB |
| 650 | 1 | 4 |
_aAnatomía humana _vAtlas _2LEMB |
| 650 | 1 | 4 |
_aDiagnóstico por imágenes _2LEMB |
| 650 | 1 | 4 |
_aRadiografía médica _2LEMB |
| 700 | 1 |
_aBarnes, Jon _eilustrador _937380 |
|
| 700 | 1 |
_aRuiz, Francisco _etraductor _937381 |
|
| 942 |
_2ddc _cBK |
||
| 264 |
_a[Colombia] _bMonteverde _c1994 |
||
| 336 |
_atexto _btxt _2rdacontent |
||
| 337 |
_asin mediación _bn _2rdamedia |
||
| 338 |
_avolumen _bnc _2rdacarrier |
||
| 040 |
_aCO-BoRNBP _bspa _erda _cCO-BoRNBP |
||
| 999 |
_c946 _d946 |
||